Stranger in a strange land /

Bibliographic Details
Main Author: Heinlein, Robert A. (Robert Anson), 1907-1988 (Author)
Other Authors: Giancola, Donato (Illustrator)
Format: Book
Language:English
Published: London : The Folio Society, 2020.
Subjects:

MARC

Tag First Indicator Second Indicator Subfields
LEADER 00000cam a2200000Ii 4500
001 in00004357021
005 20201124085121.0
008 201030r20201991enkaf 000 f eng d
040 |a TXA  |b eng  |e rda  |c TXA 
035 |a (OCoLC)1224033805 
043 |a x------ 
090 |a PS3515.E288  |b S87 2020 
100 1 |a Heinlein, Robert A.  |q (Robert Anson),  |d 1907-1988,  |e author. 
245 1 0 |a Stranger in a strange land /  |c Robert A. Heinlein ; introduced by Michael Dirda ; illustrations by Donato Giancola. 
264 1 |a London :  |b The Folio Society,  |c 2020. 
300 |a xix, 593 pages, plates :  |b color illustrations ;  |c 26 cm. 
336 |a text  |b txt  |2 rdacontent 
337 |a unmediated  |b n  |2 rdamedia 
338 |a volume  |b nc  |2 rdacarrier 
500 |a "The text of this edition follows that of the full-length version, first published in Great Britain by New English Library in 1991, with minor emendations"--Title page verso. 
500 |a Issued in slipcase. 
650 0 |a Martians  |v Fiction. 
650 0 |a Religion  |v Fiction. 
650 0 |a Cults  |v Fiction. 
651 0 |a Earth (Planet)  |v Fiction. 
655 7 |a Science fiction.  |2 lcgft 
700 1 |a Dirda, Michael,  |e writer of introduction. 
700 1 |a Giancola, Donato,  |e illustrator. 
710 2 |a Folio Society (London, England),  |e issuing body. 
994 |a C0  |b TXA 
948 |a cataloged  |b h  |c 2020/11/24  |d o  |e nbehmer  |f 8:28:10 am 
999 f f |s 15dd1d78-ac86-3237-91c7-30be7736e82d  |i 761c995e-df6e-361f-b9bd-7576460268d8  |t 0 
952 f f |p normal  |a Texas A&M University  |b College Station  |c Sterling C. Evans Library  |s Evans stk  |d Evans: Library Stacks  |t 0  |e PS3515.E288 S87 2020  |h Library of Congress classification  |i unmediated -- volume  |m A14850429466 
998 f f |a PS3515.E288 S87 2020  |t 0  |l Evans: Library Stacks